Lean Production in der Praxis Spitzenleistungen durch Gruppenarbeit
Gespeichert in:
| 1. Verfasser: | |
|---|---|
| Format: | Buch |
| Sprache: | Deutsch |
| Veröffentlicht: |
Paderborn
Junfermann
1992
|
| Ausgabe: | 1. Aufl. |
| Schlagworte: | |
| Tags: |
Keine Tags, Fügen Sie das erste Tag hinzu!
|
MARC
| LEADER | 00000nam a2200000 4500 | ||
|---|---|---|---|
| 001 | c003561 | ||
| 005 | 20221221080240.4 | ||
| 020 | |a 3-87387-087-8 | ||
| 041 | 0 | |a ger | |
| 044 | |a DE | ||
| 245 | 1 | 0 | |a Lean Production in der Praxis |b Spitzenleistungen durch Gruppenarbeit |c Wolfgang Stürzl |
| 250 | |a 1. Aufl. | ||
| 264 | 1 | |a Paderborn |b Junfermann |c 1992 | |
| 300 | |a 340 s. | ||
| 610 | 2 | 0 | |a výroba |
| 610 | 2 | 0 | |a práca tímová |
| 610 | 2 | 0 | |a výkony pracovné |
| 610 | 2 | 0 | |a skupiny pracovné |
| 610 | 2 | 0 | |a riadenie podnikové |
| 610 | 2 | 0 | |a organizácia práce |
| 610 | 2 | 0 | |a stratégia podniková |
| 610 | 2 | 0 | |a plánovanie podnikové |
| 610 | 2 | 0 | |a technológie nové |
| 610 | 2 | 0 | |a organizácia podniku |
| 610 | 2 | 0 | |a riadenie kvality |
| 100 | 1 | |a Stürzl, Wolfgang | |